Beliebteste Weihnachtslieder - Statistiken

Allgemein
  • Dieses Quiz wurde 187 mal gespielt
  • Das Durchschnittsergebnis liegt bei 4 aus 17
Antwortstatistiken
Weihnachtslied % Korrekt
Last Christmas
68%
Stille Nacht, Heilige Nacht
66%
O Tannenbaum, o Tannenbaum
61%
All I want for Christmas
46%
Leise rieselt der Schnee
28%
Kling, Glöckchen, klingelingeling
23%
Alle Jahre wieder
22%
White Christmas
21%
Schneeflöckchen, Weißröckchen
19%
Driving Home for Christmas
17%
Let it snow, let it snow
15%
Süßer die Glocken nie klingen
11%
Fröhliche Weihnacht‘ überall
9%
We wish you a merry Christmas
7%
Santa Claus is coming to town
5%
Do they know it‘s Christmas
4%
Wonderful Dream (Holidays are coming)
4%
Keine übereinstimmenden Quizze gefunden
Verteilung der Resultate
Anzahl Personen mit jedem Resultat
Perzentil nach korrekt beantworteten Fragen
Ihre Resultats-Entwicklung
Sie haben dieses Quiz noch nicht gespielt